| 000 -GUIDE |
| Champ de contrôle de longueur fixe |
00845nam a22002657a 4500 |
| 003 - IDENTITÉ DU NUMÉRO DE CONTRÔLE |
| Champ de contrôle |
BI-BuBU |
| 008 - ÉLÉMENTS DE LONGUEUR FIXE - RENSEIGNEMENTS GÉNÉRAUX |
| Champ de contrôle de longueur fixe |
260622b1974 fr aaaafr|||| 000 0 fre d |
| 020 ## - INTERNATIONAL STANDARD BOOK NUMBER |
| ISBN |
2704401519 |
| 020 ## - INTERNATIONAL STANDARD BOOK NUMBER |
| ISBN |
2704404658 |
| 037 ## - SOURCE D'ACQUISITION |
| Numéro d'inventaire |
099975 |
| Source d'acquisition et du numéro d'inventaire |
Fact. AMP. n° 45651 du 23.6.1982 FB 1500 l'ex. |
| 039 ## - NIVEAU DE CONTRÔLE BIBLIOGRAPHIQUE ET HISTORIQUE D'ENCODAGE [OBSOLETE] |
| Date creation |
20260622095931.0 |
| Nom catalographe |
Constance Niyimpa |
| 040 ## - SOURCE DU CATALOGAGE |
| Organisme qui a effectué le catalogage original |
BI-BuBU |
| Code de la langue utilisée dans le catalogage |
fre |
| Organisme qui a effectué la transcription |
BI-BuBU |
| 041 0# - CODE DE LANGUE |
| Code de langue du texte/de la piste sonore ou du titre distinct |
fre |
| 080 ## - INDICE DE LA CLASSIFICATION DÉCIMALE UNIVERSELLE (CDU) |
| Indice de la Classification décimale universelle |
658.21 |
| 100 1# - VEDETTE PRINCIPALE - NOM DE PERSONNE |
| Code de relation |
aut. |
| Nom de personne |
Delfosse, Marcel G. |
| 245 14 - MENTION DU TITRE |
| Titre |
Les implantations et les manutentions |
| Mention de responsabilité, etc. |
Marcel G. Delfosse. |
| 250 ## - MENTION D'ÉDITION |
| Mention d'édition |
3e éd. |
| Reste de la mention d'édition |
remaniée et completée |
| 260 ## - PUBLICATION, DIFFUSION, ETC. (ADRESSE BIBLIOGRAPHIQUE) |
| Lieu de publication, diffusion, etc. |
Paris |
| Nom de l'éditeur, diffuseur, etc. |
Entreprise Moderne d'Edition |
| Date of publication, distribution, etc |
1974 |
| 300 ## - DESCRIPTION MATÉRIELLE |
| Collation |
424 p. |
| Autres caractéristiques matérielles |
ill. |
| Dimensions |
28 cm. |
| 440 #0 - MENTION DE COLLECTION / VEDETTE SECONDAIRE DE TITRE |
| Titre |
Organisation industrielle |
| Numéro de volume et/ou désignation d'ordre séquentiel |
Vol. 2 |
| 650 #7 - VEDETTE-MATIÈRE - NOM COMMUN |
| Source du terme |
BI-BuBU |
| Vedette de sujet ou vedette comportant un nom géographique |
Atelier |
| Subdivision générale |
Implantation |
| 650 #7 - VEDETTE-MATIÈRE - NOM COMMUN |
| Source du terme |
BI-BuBU |
| Vedette de sujet ou vedette comportant un nom géographique |
Atelier |
| Subdivision générale |
Manutention |
| 655 #7 - TERME D'INDEXATION - GENRE OU FORME |
| Source du terme |
BI-BuBU |
| Données ou terme dominant sur le genre ou la forme |
Book |
| 942 ## - ÉLÉMENTS D'ENTRÉE ADDITIONNELLE (KOHA) |
| Source de la classification ou du système de rangement |
|
| Type d item koha |
BOOK |